Libro para el maestro : (Record no. 95873)

MARC details
000 -CABECERA
campo de control de longitud fija 00906nam a2200241 a 4500
005 - FECHA Y HORA DE LA ÚLTIMA TRANSACCIÓN
campo de control 20220604063655.0
008 - ELEMENTOS DE LONGITUD FIJA--INFORMACIÓN GENERAL
campo de control de longitud fija 991125s2001 mx 000 0 spa u
020 ## - NÚMERO INTERNACIONAL NORMALIZADO PARA LIBROS
Número Internacional Estándar del Libro 9701861531
035 ## - NÚMERO DE CONTROL DEL SISTEMA
Número de control de sistema UPN01000123694
049 ## - COLECCIÓN
Colección LTG
050 #4 - SIGNATURA TOPOGRÁFICA DE LA BIBLIOTECA DEL CONGRESO
Número de clasificación LB1649
Número de documento/Ítem M6 2001 LM
100 1# - ASIENTO PRINCIPAL--NOMBRE PERSONAL
Nombre de persona Chamizo Guerrero, José Antonio
9 (RLIN) 31323
245 10 - MENCIÓN DE TÍTULO
Título Libro para el maestro :
Resto del título química : secundaria /
Mención de responsabilidad, etc. José Antonio Chamizo Guerrero, Margarita Petrich Moreno, Ramón Vilar Compte.
250 ## - MENCIÓN DE EDICIÓN
Mención de edición 3a ed.
260 ## - PUBLICACIÓN, DISTRIBUCIÓN, ETC.
Lugar de publicación, distribución, etc. México :
Nombre del editor, distribuidor, etc. SEP, Comisión Nacional de los Libros de Texto Gratuitos,
Fecha de publicación, distribución, etc. 2001.
300 ## - DESCRIPCIÓN FÍSICA
Extensión 141 p. :
Otras características físicas il., fotos
500 ## - NOTA GENERAL
Nota general Libros de texto gratuito
650 #4 - ASIENTO SECUNDARIO DE MATERIA - TERMINO TEMATICO
Término de materia o nombre geográfico como elemento de entrada EDUCACION SECUNDARIA -
Subdivisión de forma LIBROS DE TEXTO
9 (RLIN) 14377
650 #4 - ASIENTO SECUNDARIO DE MATERIA - TERMINO TEMATICO
Término de materia o nombre geográfico como elemento de entrada Química
Subdivisión general Estudio y enseñanza (Secundaria)
9 (RLIN) 7244
700 1# - ASIENTO SECUNDARIO--NOMBRE DE PERSONAL
Nombre de persona Petrich Moreno, Margarita Salomé,
Término indicativo de función/relación coaut.
9 (RLIN) 32626
700 1# - ASIENTO SECUNDARIO--NOMBRE DE PERSONAL
Nombre de persona Vilar Compte, Ramón,
Término indicativo de función/relación coaut.
905 ## - TIPO DE MATERIAL
Tipo de material Libro
Holdings
Estado de retiro Estado de pérdida Fuente del sistema de clasificación o colocación Estado dañado No para préstamo Código de colección Localización permanente Ubicación/localización actual Ubicación en estantería Fecha de adquisición Clasificación Código de barras Fecha visto por última vez Número de copia Tipo de ítem Koha
    Library of Congress Classification   Disponible (Préstamo en sala) Libros de texto gratuitos Bib. Gregorio Torres Quintero Bib. Gregorio Torres Quintero Colecciones especiales Planta alta 03/05/2023 LB1649 M6 2001 LM 192765 31/12/2020 1 Libro
    Library of Congress Classification   Disponible (Préstamo en sala) Libros de texto gratuitos Bib. Gregorio Torres Quintero Bib. Gregorio Torres Quintero Colecciones especiales Planta alta 03/05/2023 LB1649 M6 2001 LM 203369 31/12/2020 1 Libro
    Library of Congress Classification   Disponible (Préstamo en sala) Libros de texto gratuitos Bib. Gregorio Torres Quintero Bib. Gregorio Torres Quintero Colecciones especiales Planta alta 03/05/2023 LB1649 M6 2001 LM 212199 31/12/2020 1 Libro
    Library of Congress Classification   Disponible (Préstamo en sala) Libros de texto gratuitos Bib. Gregorio Torres Quintero Bib. Gregorio Torres Quintero Colecciones especiales Planta alta 03/05/2023 LB1649 M6 2001 LM 192764 31/12/2020 1 Libro
    Library of Congress Classification   Disponible (Préstamo en sala) Libros de texto gratuitos Bib. Gregorio Torres Quintero Bib. Gregorio Torres Quintero Colecciones especiales Planta alta 03/05/2023 LB1649 M6 2001 LM 192759 31/12/2020 1 Libro